书目信息 |
| 题名: |
大成拳实战拳学与断手绝技
|
|
| 作者: | 李照山 编著 | |
| 分册: | ||
| 出版信息: | 北京 北京体育大学出版社 2009 |
|
| 页数: | 287页 | |
| 开本: | 23cm | |
| 丛书名: | ||
| 单 册: | ||
| 中图分类: | G852.19 | |
| 科图分类: | ||
| 主题词: | 拳术--基本知识 , 拳术 | |
| 电子资源: | ||
| ISBN: | 978-7-5644-0209-9 | |
| 000 | 00837nam0 2200253 45 | |
| 001 | 1130695077 | |
| 005 | 20110310095106.14 | |
| 010 | @a978-7-5644-0209-9@dCNY35.00 | |
| 100 | @a20110123d2009 em y0chiy50 ea | |
| 101 | 0 | @achi |
| 102 | @aCN@b110000 | |
| 105 | @aa z 000yy | |
| 106 | @ar | |
| 200 | 1 | @a大成拳实战拳学与断手绝技@ADa Cheng Quan Shi Zhan Quan Xue Yu Duan Shou Jue Ji@f李照山编著@FLi Zhao Shan Bian Zhu |
| 210 | @a北京@c北京体育大学出版社@d2009 | |
| 215 | @a287页@c图,照片@d23cm | |
| 330 | @a本书共十一章,内容包括:大成拳概述、大成拳七妙法门、大成拳断手概述、大成拳断手基本功、大成拳断手基本技术等。 | |
| 606 | 0 | @a拳术@x基本知识 |
| 606 | 0 | @a拳术 |
| 610 | 0 | @a大成拳 |
| 690 | @aG852.19@v4 | |
| 701 | 0 | @a李照山@ALi Zhao Shan@4编著 |
| 801 | 0 | @aCN@bTANGWEI@c20110310 |
| 905 | @b0531355-57@dG852.19@e204@f3 | |
| 大成拳实战拳学与断手绝技/李照山编著.-北京:北京体育大学出版社,2009 |
| 287页:图,照片;23cm |
| ISBN 978-7-5644-0209-9:CNY35.00 |
| 本书共十一章,内容包括:大成拳概述、大成拳七妙法门、大成拳断手概述、大成拳断手基本功、大成拳断手基本技术等。 |
| ● |
| 相关链接 |
|
|
|
|
正题名:大成拳实战拳学与断手绝技
索取号:G852.19/204
 
预约/预借
| 序号 | 登录号 | 条形码 | 馆藏地/架位号 | 状态 | 备注 |
| 1 | 0531355 | 205313551 | 第一样本阅览室/ [索取号:G852.19/204] | 在馆 | |
| 2 | 0531356 | 205313560 | 密集书库-体育系/ [索取号:G852.19/204] | 在馆 | |
| 3 | 0531357 | 205313579 | 第四借阅区/ [索取号:G852.19/204] | 在馆 |